Financing and contracting sustainable construction (Record no. 112733)

MARC details
000 -LEADER
fixed length control field 02525cad a22002175a 4500
001 - CONTROL NUMBER
control field L153862
008 - FIXED-LENGTH DATA ELEMENTS--GENERAL INFORMATION
fixed length control field 110914s2011 xxk f 000 0 eng d
035 ## - SYSTEM CONTROL NUMBER
System control number (Sirsi) u153862
041 0# - LANGUAGE CODE
Language code of text/sound track or separate title eng
110 2# - MAIN ENTRY--CORPORATE NAME
Corporate name or jurisdiction name as entry element SCI-Network
9 (RLIN) 5976
245 00 - TITLE STATEMENT
Title Financing and contracting sustainable construction
Remainder of title innovative approaches
-- preliminary report on funding and finance sources, use of energy performance contracting, public-private partnerships and concessions
Medium [electronic resource]
260 ## - PUBLICATION, DISTRIBUTION, ETC.
Place of publication, distribution, etc. London
Name of publisher, distributor, etc. SCI-Network
Date of publication, distribution, etc. 2011
520 ## - SUMMARY, ETC.
Summary, etc. SCI-Network is a network of European cities and other public authorities working together to find new, innovative and sustainable solutions for their public construction projects. In order to procure sustainable and innovative construction solutions, public authorities must have access to suitable financial and contractual instruments. The pressure on public finances means that many authorities are examining ways of funding construction projects which draw upon either the private sector or specific European programmes. Approaches such as energy-performance contracting, public-private partnerships and concessions for construction works/services have become mainstream in some Member States, while in others they are less common. The procurement procedures applied to source private sector partners also vary widely. This report examines a number of innovative approaches to the financing and contracting of public sector construction projects. The areas of focus have been chosen based on the interests expressed by participants in the Working Group, representing a range of local and regional authorities from different parts of Europe. The specific topics covered in this report are European funding and financing instruments for sustainable retrofitting of public buildings - what is available, scope of application and eligibility, impact on procurement process and distribution of funds; and energy performance contracting, public-private partnerships and works/services concessions - which models are in use for sustainable/innovative construction, problems encountered, best practice.
590 ## - LOCAL NOTE (RLIN)
Local note KA NTK
650 24 - SUBJECT ADDED ENTRY--TOPICAL TERM
Topical term or geographic name entry element PUBLIC PRIVATE PARTNERSHIPS
650 24 - SUBJECT ADDED ENTRY--TOPICAL TERM
Topical term or geographic name entry element PRIVATE FINANCE INITIATIVE
651 #4 - SUBJECT ADDED ENTRY--GEOGRAPHIC NAME
Geographic name Europe
690 ## - LOCAL SUBJECT ADDED ENTRY--TOPICAL TERM (OCLC, RLIN)
Topical term or geographic name as entry element Procurement
9 (RLIN) 6260
856 40 - ELECTRONIC LOCATION AND ACCESS
Uniform Resource Identifier <a href="https://www.sci-network.eu/fileadmin/templates/sci-network/files/Resource_Centre/Reports/Financing_and_Contracting_Preliminary_Report.pdf">https://www.sci-network.eu/fileadmin/templates/sci-network/files/Resource_Centre/Reports/Financing_and_Contracting_Preliminary_Report.pdf</a>
Public note View the report free of charge (PDF file) at www.sci-network.eu
942 ## - ADDED ENTRY ELEMENTS (KOHA)
Suppress in OPAC 0
Holdings
Withdrawn status Lost status Source of classification or shelving scheme Damaged status Not for loan Home library Current library Shelving location Date acquired Total Checkouts Full call number Barcode Date last seen Copy number Price effective from Koha item type
    Dewey Decimal Classification     Virtual Virtual Online 14/09/2011   ONLINE PUBLICATION 153862-2001 06/08/2019 1 06/08/2019 Book